| 000 | 00521nam a22001817a 4500 | ||
|---|---|---|---|
| 003 | OSt | ||
| 005 | 20170806113549.0 | ||
| 008 | 140126b xxu||||| |||| 00| 0 eng d | ||
| 020 | _a9788180380532 | ||
| 040 |
_aLDCLIB _cLDCLIB |
||
| 082 |
_222 _a347.06 _bRAM |
||
| 100 | _aRamachandran, Raju. | ||
| 245 |
_aProfesssional Ethics : _bchanging profession, changing ethics / _cRaju Ramachandran. |
||
| 260 |
_aIndia : _bLexis Nexis, _c2004. |
||
| 300 |
_axv,160 p. ; _c22 cm. |
||
| 650 | _aProfessional ethics | ||
| 942 |
_2ddc _cBK |
||
| 999 |
_c5842 _d5842 |
||